Chemistry in its application to agriculture and physiology... (Record no. 91334)

MARC details
000 -LEADER
fixed length control field 00490cam a2200169u 4500
001 - CONTROL NUMBER
control field unk81038368
003 - CONTROL NUMBER IDENTIFIER
control field DLC
005 - DATE AND TIME OF LATEST TRANSACTION
control field 20260227112758.0
008 - FIXED-LENGTH DATA ELEMENTS--GENERAL INFORMATION
fixed length control field 811117s1842 nyu 000 0 eng
010 ## - LIBRARY OF CONGRESS CONTROL NUMBER
LC control number unk81038368
040 ## - CATALOGING SOURCE
Original cataloging agency DLC
Transcribing agency CarP
Modifying agency DLC
050 00 - LIBRARY OF CONGRESS CALL NUMBER
Classification number AP2
Item number .N62722 no. 29-30 (Rare Bk. Coll.)
100 1# - MAIN ENTRY--PERSONAL NAME
Personal name Liebig, Justus,
Titles and words associated with a name Freiherr von,
Dates associated with a name 1803-1873.
245 10 - TITLE STATEMENT
Title Chemistry in its application to agriculture and physiology...
260 ## - PUBLICATION, DISTRIBUTION, ETC.
Place of publication, distribution, etc. N.Y.,
Date of publication, distribution, etc. 1842.
300 ## - PHYSICAL DESCRIPTION
Extent 64 p.
Dimensions 30 cm.

No items available.

Powered by Koha